ბათუმის შოთა რუსთაველის სახელმწიფო უნივერსიტეტის ბიბლიოთეკა

Yedi İklim turkce : (ბიბ.ჩანაწერი № 57157)

000 -LEADER
fixed length control field 00870nam a22002057a 4500
005 - DATE AND TIME OF LATEST TRANSACTION
control field 20240402161434.0
008 - FIXED-LENGTH DATA ELEMENTS--GENERAL INFORMATION
fixed length control field 191206s2018 tu ||||| |||| 00| 0 tur d
020 ## - INTERNATIONAL STANDARD BOOK NUMBER
International Standard Book Number 9786052097014x
041 ## - LANGUAGE CODE
Language code of text/sound track or separate title tur
080 ## - UNIVERSAL DECIMAL CLASSIFICATION NUMBER
Universal Decimal Classification number 811.512.16 Y- 40
245 ## - TITLE STATEMENT
Title Yedi İklim turkce :
Remainder of title C1 Ders Kitabı /
Statement of responsibility, etc. edit : Erol Barin ; Saban Cobanoglu.
264 ## - PRODUCTION, PUBLICATION, DISTRIBUTION, MANUFACTURE, AND COPYRIGHT NOTICE
Place of production, publication, distribution, manufacture Ankara :
Name of producer, publisher, distributor, manufacturer Yunus emre enstitusu,
Date of production, publication, distribution, manufacture, or copyright notice 2018.
300 ## - PHYSICAL DESCRIPTION
Extent 203 p .:
Other physical details ill/: +1 CD.:
Dimensions 29 cm.
653 ## - INDEX TERM--UNCONTROLLED
keyword შვიდი კლიმატის თურქული C1 სახელმძღვანელო
653 ## - INDEX TERM--UNCONTROLLED
keyword თურქული ენა
653 ## - INDEX TERM--UNCONTROLLED
keyword სახელმძღვანელო და სავარჯიშო რვეული
700 ## - ADDED ENTRY--PERSONAL NAME
Personal name Barin, Erol
Relator term რედაქტორი
9 (RLIN) 5707
700 ## - ADDED ENTRY--PERSONAL NAME
Personal name Cobanoglu, Saban
Relator term რედაქტორი
9 (RLIN) 5701
942 ## - ADDED ENTRY ELEMENTS (KOHA)
Source of classification or shelving scheme
Koha item type წიგნი
ეგზემპლარები
Withdrawn status Lost status Source of classification or shelving scheme Damaged status Not for loan Permanent Location Current Location Shelving location Date acquired Cost, normal purchase price Full call number Barcode Date last seen Copy number Price effective from Koha item type Public note Uniform Resource Identifier
          ბათუმის შოთა რუსთაველის სახელმწიფო უნივერსიტეტის მთავარი ბიბლიოთეკა ბათუმის შოთა რუსთაველის სახელმწიფო უნივერსიტეტის მთავარი ბიბლიოთეკა წიგნსაცავი 2019-12-06 10.00 811.512.16 Y-40 60265 2019-12-06 60265 2019-12-06 წიგნი 10.00  
          ბათუმის შოთა რუსთაველის სახელმწიფო უნივერსიტეტის მთავარი ბიბლიოთეკა ბათუმის შოთა რუსთაველის სახელმწიფო უნივერსიტეტის მთავარი ბიბლიოთეკა წიგნსაცავი 2024-04-02 10.00 811.512.16 Y- 40 67773 2024-04-02 67773 2024-04-02 წიგნი 10 ლ. ნაჩუქარი